LEADER 01070nam a22002891i 4500 001 991001592289707536 005 20031125091912.0 008 040407s1984 it |||||||||||||||||ita 020 $a8842024341 035 $ab12793711-39ule_inst 035 $aARCHE-077334$9ExL 040 $aDip.to Scienze Storiche$bita$cA.t.i. Arché s.c.r.l. Pandora Sicilia s.r.l. 082 04$a306.8 100 1 $aHéritier, Françoise$0382154 245 12$aL'esercizio della parentela /$cFrançoise Héritier 260 $aRoma [etc.] :$bLaterza,$c1984 300 $a219 p. ;$c22 cm 440 0$aBiblioteca di cultura moderna ;$v904 500 $aTrad. di Maria Arioti, Antonino Colajanni, Franco Morelli 650 4$aParentela 765 0 $texercice de la parenté 907 $a.b12793711$b02-04-14$c16-04-04 912 $a991001592289707536 945 $aLE009 STOR.97-14$g1$i2009000365360$lle009$o-$pE0.00$q-$rl$s- $t0$u3$v0$w3$x0$y.i13338912$z16-04-04 996 $aEsercizio della parentela$9293432 997 $aUNISALENTO 998 $ale009$b16-04-04$cm$da $e-$fita$git $h2$i1 LEADER 02548oam 22006614a 450 001 9910552758303321 005 20241204161543.0 035 $a(CKB)5600000000014837 035 $a(OCoLC)1290013735 035 $a(MdBmJHUP)musev2_93940 035 $a(oapen)https://directory.doabooks.org/handle/20.500.12854/88347 035 $a(oapen)doab88347 035 $a(EXLCZ)995600000000014837 100 $a20100318d1982 uy 0 101 0 $aeng 135 $aur|||||||nn|n 181 $ctxt$2rdacontent 182 $cc$2rdamedia 183 $acr$2rdacarrier 200 10$aBody Movement and Nonverbal Communication$eAn Annotated Bibliography, 1971?1981 /$fedited by Martha Davis and Janet Skupien 210 $cIndiana University Press$d1982 210 1$aBloomington :$cIndiana University Press,$d1982. 215 $a1 online resource (1 online resource xx, 294 pages) $cportraits 225 0 $aAdvances in semiotics 300 $aIncludes indexes. 300 $aSequel to: Understanding body movement. 311 08$a0-253-05409-5 330 $a1410 references to published literature in English, Spanish, German, French, Italian, Dutch, and Portuguese. 12 annotators wrote the abstracts and prepared a subject index. Alphabetical arrangement by primary authors. Each entry gives bibliographical information and abstract. Subject and additional author index. 606 $aLichaamstaal$2gtt 606 $aNon-verbale communicatie$2gtt 606 $aMovement, Psychology of$2fast$3(OCoLC)fst01028522 606 $aBody language$2fast$3(OCoLC)fst00835365 606 $aLangage du corps$xBibliographie 606 $aPsychomotricite$xBibliographie 606 $aNonverbal communication 606 $aBody language 606 $aBody language$vBibliography 606 $aMovement, Psychology of$vBibliography 608 $aBibliographies. 608 $aAbstracts 615 10$aLichaamstaal. 615 10$aNon-verbale communicatie. 615 0$aMovement, Psychology of. 615 0$aBody language. 615 0$aLangage du corps$xBibliographie. 615 0$aPsychomotricite$xBibliographie. 615 0$aNonverbal communication. 615 0$aBody language. 615 0$aBody language 615 0$aMovement, Psychology of 700 $aDavis$b Martha$f1942-$01214097 701 $aSkupien$b Janet$01214098 801 0$bMdBmJHUP 801 1$bMdBmJHUP 906 $aBOOK 912 $a9910552758303321 996 $aBody Movement and Nonverbal Communication$92803850 997 $aUNINA